La comunicación política

Guardat en:
Dades bibliogràfiques
Autor principal: Gerstlé, Jacques (Autor)
Format: Llibre
Idioma:espanyol
Publicat: Santiago, Chile. LOM, 2005
Edició:1a. ed
Col·lecció:Universitaria
Matèries:
Etiquetes: Afegir etiqueta
Sense etiquetes, Sigues el primer a etiquetar aquest registre!

MARC

LEADER 00000nam a2200000 a 4500
001 UCK7840
003 CL-VaPUC
005 20211213161511.0
008 051216e20050000CL |||||||||||||||||spa|d
999 |c 315680  |d 315678 
020 |a 9562827763 
040 |c Pontificia Universidad Católica de Valparaíso 
082 0 4 |a 302.23 GER 2005  |2 21 
100 0 |a Gerstlé, Jacques  |e author  |9 497500 
245 1 3 |a La comunicación política 
250 |a 1a. ed 
260 |a Santiago, Chile.  |b LOM,  |c 2005 
300 |a 251 páginas 
490 0 |a Universitaria 
583 |a last modification  |c 20180502 10:15:04  |k Rodrigo Vera 
650 0 |a Comunicación   |9 257251 
650 0 |a Comunicación política  |9 389711 
650 0 |a Medios de comunicación  |9 257206 
650 0 |a Aspectos políticos   |9 257400 
942 |c BK  |2 ddc 
945 |d 20051216 00:00:00  |a jtorresc 
952 |0 0  |1 0  |2 ddc  |4 0  |6 302_230000000000000_GER_2005  |7 0  |8 A  |9 389274  |a BIBCUR  |b BIBCUR  |c GEN  |d 2019-11-22  |i 4193407  |o 302.23 GER 2005  |p 4193407  |r 2025-04-22  |w 2019-11-22  |y BK  |k MGC 
952 |0 0  |1 0  |4 0  |6 302_230000000000000_GER_2005  |7 0  |8 A  |9 389275  |a BIBCUR  |b BIBCUR  |d 2019-11-22  |i 4263324  |o 302.23 GER 2005  |p 4263324  |r 2025-04-22  |w 2019-11-22  |y BK  |k MGC 
952 |0 0  |1 0  |4 0  |6 302_230000000000000_GER_2005  |7 0  |8 A  |9 389276  |a BIBCUR  |b BIBCUR  |d 2019-11-22  |i 4414381  |o 302.23 GER 2005  |p 4414381  |r 2025-04-22  |w 2019-11-22  |y BK  |k PER 
952 |0 0  |1 0  |2 ddc  |4 0  |6 302_230000000000000_GER_2005  |7 0  |8 A  |9 579538  |a BIBCUR  |b BIBCUR  |d 2021-12-13  |e 155  |g 13006.25  |i 5628571  |l 3  |m 3  |o 302.23 GER 2005  |p 5628571  |r 2025-04-22  |s 2025-03-27  |t 4  |v 13006.25  |w 2021-12-13  |y BK  |k PER